000 00306nam a22001457a 4500
003 SGT
082 _a370
_bS09Y
100 _aYADAV, D.S.
245 _aSWASTHYA EVAM SHARIRIK SHIKSHA
250 _a1ST
260 _aNEW DELHI
_bJ.B.T. PUB
_c2009
300 _a296
650 _aEDUCATION
942 _2ddc
_cBK
999 _c12186
_d12186